[Event "La Fere op 11th"]
[Site "La Fere"]
[Date "2012.07.09"]
[Round "4"]
[White "Molet, Asher"]
[Black "Nal, Patrick"]
[Result "1-0"]
[WhiteElo "1844"]
[BlackElo "1647"]
[PlyCount "49"]
[EventDate "2012.07.07"]
[EventType "swiss"]
[EventRounds "9"]
[EventCountry "FRA"]
[SourceTitle "CBM 149 Extra"]
[Source "ChessBase"]
[SourceDate "2012.08.24"]
[SourceVersion "1"]
[SourceVersionDate "2012.08.24"]
[SourceQuality "1"]

1. d4 d5 2. Nf3 Nf6 3. Bf4 Bg4 4. Ne5 Bh5 5. Nd2 e6 6. c3 Nbd7 7. Qb3 Nb6 8. e3 Bd6 9. Bc4 Ke7 10. Bg5 h6 11. Bh4 a6 12. Bd3 c6 13. f4 g5 14. fxg5 hxg5 15. Bxg5 Rg8 16. h4 Qc7 17. g4 Bg6 18. Nxg6+ fxg6 19. 0-0-0 Raf8 20. Rhf1 Nbd7 21. e4 dxe4 22. Nxe4 e5 23. Nxd6 Qxd6 24. dxe5 Nxe5 25. Bc4 1-0

[Event "Budapest FS06 FM-B"]
[Site "Budapest"]
[Date "2011.06.14"]
[Round "11"]
[White "Mayer, Istvan"]
[Black "Nal, Patrick"]
[Result "1-0"]
[WhiteElo "2033"]
[BlackElo "1654"]
[PlyCount "39"]
[EventDate "2011.06.04"]
[EventType "tourn"]
[EventRounds "11"]
[EventCountry "HUN"]
[SourceTitle "CBM 142 Extra"]
[Source "ChessBase"]
[SourceDate "2011.06.27"]
[SourceVersion "1"]
[SourceVersionDate "2011.06.27"]
[SourceQuality "1"]

1. e4 c6 2. d4 d5 3. Nc3 dxe4 4. Nxe4 Nf6 5. Ng5 Bf5 6. c3 e6 7. Ne2 h6 8. Nf3 Bd6 9. Bf4 Bxf4 10. Nxf4 Nbd7 11. Bd3 Bxd3 12. Nxd3 Qc7 13. 0-0 0-0 14. Qb3 Rfd8 15. Rad1 b6 16. Qc4 Rac8 17. Rfe1 Nd5 18. Qb3 N7f6 19. Nfe5 b5 20. Nxf7 1-0